| 000 | 01096nam a2200277 i 4500 | ||
|---|---|---|---|
| 001 | 188631 | ||
| 003 | SpMaBN | ||
| 005 | 20250826042749.0 | ||
| 008 | 190115s2002 sp |||| | spa d | ||
| 020 | _a84-7088-720-3 | ||
| 245 | 0 | 3 |
_aLa administración pública española / _cJaime Rodríguez-Arana Muñoz (director) ; María Calvo Charro (coordinadora). |
| 250 | _a1ª ed. | ||
| 260 |
_aMadrid : _bInstituto Nacional de Administración Pública, _c2002. |
||
| 300 |
_a942 p. ; _c25 cm. |
||
| 490 | 1 | _aEstudios | |
| 504 | _aReferencias bibliográficas. | ||
| 651 | 7 |
_aEspaña- _xAdministración _2 _9148152 |
|
| 700 | 1 |
_aRodríguez-Arana Muñoz, Jaime. _998342 |
|
| 700 | 1 |
_aCalvo Charro, María. _9165973 |
|
| 710 | 2 |
_aInstituto Nacional de Administración Pública (España) _95139 |
|
| 830 | 0 |
_aEstudios _9177349 |
|
| 852 |
_aES-MaACL _jA-14299 _9195762 _bR.151512 _cDEPO1 _dOlim: N-7299 _hDonación: Ignacio Catalá Martínez _gDedicatoria autógrafa del donante |
||
| 903 |
_9234657 _aCatalá Martínez, Ignacio _ednr |
||
| 942 |
_2udc _cMONOGRAFIA |
||
| 999 |
_c188631 _d188631 |
||